| 000 | 01744nam a22003137a 4500 | ||
|---|---|---|---|
| 001 | 7501 | ||
| 003 | FISKH | ||
| 005 | 20250722113334.0 | ||
| 008 | 250722b cb ||||| |||| 00| 0 eng d | ||
| 020 | _a043917872X | ||
| 040 |
_aFISKH _beng _cFISKH _dFISKH |
||
| 050 | _aPS1541 .A1 | ||
| 082 | _a813.4 | ||
| 100 | _aDickinson, Emily | ||
| 245 |
_aPoetry for young people : _bEmily Dickinson / _cEdited By Frances Schoonmaker Bolin : Illustrated by Chi Chung |
||
| 250 | _aFirst Scholastic printing , April 2000 | ||
| 260 |
_aNew York : _bScholastic , _c1994. |
||
| 300 |
_a47 pages : _bcolor illustrations ; _c26 cm . |
||
| 490 | _aPoetry for Young People | ||
| 505 | _aK | ||
| 520 | _aAmerican poet Emily Dickinson is revered around the world, and influenced many feminist artists and writers. Her work is some of the best known and most quoted or adapted: 'Hope is the thing with feathers, that perches in the soul, and sings the tune without the words, and never stops at all' Emily Dickinson. Dickinson received a very good education, but chose to return home to Amherst, Massachusetts, where she spent the rest of her life, writing more than a poem a day until her death. Her refusal to compromise her highly condensed expression meant that only a tiny fraction of her work was published in her lifetime. Even today, her work feels startlingly modern: 'Dogs are better than human beings because they know but do not tell' Emily Dickinson. show less | ||
| 521 | 8 |
_a510
_bLexile estimate |
|
| 521 | 8 |
_aK
_bRaz-Plus |
|
| 650 |
_a American poetry _vJuvenile Literature |
||
| 650 |
_a Poetry for Young People _vJuvenile Literature |
||
| 700 |
_aChung, Chi _eIllustrator |
||
| 942 |
_2ddc _cBK _n0 |
||
| 999 |
_c7501 _d7501 |
||